[Event "POR-chT"]
[Site "Soure"]
[Date "2024.07.21"]
[Round "9.20"]
[White "Pereira, Ruben Miguel Nunes"]
[Black "Loeffler, Stefan"]
[Result "0-1"]
[WhiteElo "2455"]
[BlackElo "2318"]
[PlyCount "102"]
[EventDate "2024.07.15"]
[EventType "team-tourn"]
[EventRounds "9"]
[EventCountry "POR"]
[SourceTitle "CBM 221 Extra"]
[Source "ChessBase"]
[SourceDate "2024.09.30"]
[SourceVersion "1"]
[SourceVersionDate "2024.09.30"]
[SourceQuality "1"]
[WhiteTeam "Estrelas S Joao de Brito"]
[BlackTeam "Montemor o Velho"]
[WhiteTeamCountry "POR"]
[BlackTeamCountry "POR"]

1. e4 c6 2. d4 d5 3. exd5 cxd5 4. Bd3 Nc6 5. c3 Qc7 6. h3 e6 7. Nf3 Bd6 8. 0-0 Nge7 9. Re1 Ng6 10. Nbd2 0-0 11. Qc2 Bd7 12. h4 Rfc8 13. h5 Nf8 14. a3 h6 15. Nf1 Be8 16. Qe2 f5 17. Nh4 Bf7 18. g3 Re8 19. Qf3 Nh7 20. Ng6 Nf6 21. Ne3 Ne7 22. g4 Nxg6 23. hxg6 Bxg6 24. gxf5 exf5 25. Bxf5 Qf7 26. Bxg6 Qxg6+ 27. Qg2 Qh5 28. f3 Re6 29. Bd2 Ne4 30. fxe4 Rg6 31. e5 Rxg2+ 32. Nxg2 Be7 33. c4 Bh4 34. Re3 Bg5 35. cxd5 Bxe3+ 36. Bxe3 Rc8 37. d6 Qg4 38. Rf1 Rc2 39. Rf2 Qd1+ 40. Kh2 Rxf2 41. Bxf2 Qh5+ 42. Kg3 Qg5+ 43. Kh2 Kf7 44. Be3 Qf5 45. Bf4 Ke8 46. d5 g5 47. Bg3 Qe4 48. e6 Qxd5 49. d7+ Kd8 50. Nf4 Qe4 51. Kh3 h5 0-1

[Event "POR-chT"]
[Site "Soure"]
[Date "2024.07.19"]
[Round "6.4"]
[White "Del Prado Rodriguez, Xulio"]
[Black "Loeffler, Stefan"]
[Result "0-1"]
[WhiteElo "2296"]
[BlackElo "2318"]
[PlyCount "80"]
[EventDate "2024.07.15"]
[EventType "team-tourn"]
[EventRounds "9"]
[EventCountry "POR"]
[SourceTitle "CBM 221 Extra"]
[Source "ChessBase"]
[SourceDate "2024.09.30"]
[SourceVersion "1"]
[SourceVersionDate "2024.09.30"]
[SourceQuality "1"]
[WhiteTeam "Vitoria"]
[BlackTeam "Montemor o Velho"]
[WhiteTeamCountry "POR"]
[BlackTeamCountry "POR"]

1. e4 d5 2. exd5 Nf6 3. d4 Nxd5 4. Nf3 Bg4 5. h3 Bh5 6. c4 Nf6 7. Nc3 e6 8. g4 Bg6 9. Ne5 Nbd7 10. Nxg6 hxg6 11. Bg2 c5 12. d5 e5 13. 0-0 Bd6 14. Nb5 Qb8 15. Qb3 b6 16. f4 0-0 17. fxe5 Bxe5 18. d6 a6 19. Bxa8 axb5 20. Bg2 bxc4 21. Qxc4 Qxd6 22. Kh1 Re8 23. Bf4 b5 24. Bxe5 Nxe5 25. Qf4 c4 26. a4 bxa4 27. Rxa4 Qb6 28. Qd2 Kh7 29. Qc3 Nd3 30. Rxc4 Nf2+ 31. Kh2 N6e4 32. Qf3 Qxb2 33. Qxf7 Qe5+ 34. Kg1 Nxh3+ 35. Bxh3 Ng5 36. Qb7 Qe3+ 37. Kh1 Qxh3+ 38. Kg1 Re2 39. Rff4 Re1+ 40. Kf2 Qe3+ 0-1

[Event "POR-chT"]
[Site "Soure"]
[Date "2024.07.15"]
[Round "1.8"]
[White "Loeffler, Stefan"]
[Black "Fier, Alexandr"]
[Result "0-1"]
[WhiteElo "2318"]
[BlackElo "2587"]
[PlyCount "125"]
[EventDate "2024.07.15"]
[EventType "team-tourn"]
[EventRounds "9"]
[EventCountry "POR"]
[SourceTitle "CBM 221 Extra"]
[Source "ChessBase"]
[SourceDate "2024.09.30"]
[SourceVersion "1"]
[SourceVersionDate "2024.09.30"]
[SourceQuality "1"]
[WhiteTeam "Montemor o Velho"]
[BlackTeam "Dias Ferreira"]
[WhiteTeamCountry "POR"]
[BlackTeamCountry "POR"]

1. d4 Nf6 2. Nf3 e6 3. g3 d5 4. Bg2 Nbd7 5. 0-0 Ne4 6. c4 c6 7. Nbd2 f5 8. Nxe4 fxe4 9. Ng5 Nf6 10. f3 h6 11. Nh3 exf3 12. exf3 dxc4 13. Nf4 Bd6 14. Ng6 Rg8 15. Qe2 Bd7 16. Qxc4 Qb6 17. Re1 0-0-0 18. Bf4 Bxf4 19. Nxf4 Kb8 20. Nd3 Bc8 21. Nc5 Rd6 22. Rad1 Rgd8 23. Re2 e5 24. Rxe5 Qxb2 25. Na4 b5 26. Nxb2 bxc4 27. Nxc4 Rxd4 28. Rb1+ Kc7 29. Bf1 g5 30. Re7+ R8d7 31. Re6 Rf7 32. Rxc6+ Kxc6 33. Ne5+ Kc7 34. Rc1+ Kb7 35. Rb1+ Kc7 36. Nxf7 Be6 37. Nxh6 Bxa2 38. Rb5 Bd5 39. Ra5 Kb8 40. Be2 Rd2 41. Kf1 Ra2 42. Rc5 a5 43. Ng4 Nxg4 44. fxg4 Be6 45. Re5 Bf7 46. Rf5 Be6 47. Re5 Bf7 48. Rb5+ Kc8 49. Rxg5 a4 50. Rc5+ Kd8 51. Ra5 Ra1+ 52. Kf2 a3 53. h4 a2 54. g5 Rc1 55. g6 Bb3 56. h5 a1Q 57. Rxa1 Rxa1 58. g4 Ke7 59. h6 Kf6 60. Bd3 Rh1 61. h7 Kg7 62. Kg3 Ba4 63. Bf5 0-1

[Event "AUT-chT2O 2324"]
[Site "Austria"]
[Date "2024.02.11"]
[Round "9.3"]
[White "Sadilek, Peter"]
[Black "Loeffler, Stefan"]
[Result "0-1"]
[WhiteElo "2279"]
[BlackElo "2332"]
[PlyCount "58"]
[EventDate "2023.10.13"]
[EventType "team-tourn"]
[EventRounds "11"]
[EventCountry "AUT"]
[SourceTitle "EXT 2025"]
[Source "ChessBase"]
[SourceDate "2024.10.14"]
[SourceVersion "1"]
[SourceVersionDate "2024.10.14"]
[SourceQuality "1"]
[WhiteTeam "Tschaturanga"]
[BlackTeam "Oggau Union"]
[WhiteTeamCountry "AUT"]
[BlackTeamCountry "AUT"]

1. d4 Nf6 2. c4 c6 3. Nc3 d5 4. Nf3 dxc4 5. e4 b5 6. Be2 Bg4 7. h3 Bxf3 8. Bxf3 e6 9. 0-0 Be7 10. Bf4 b4 11. Na4 Nbd7 12. Rc1 Nb6 13. Nxb6 axb6 14. Rxc4 c5 15. Qe2 0-0 16. Rd1 b5 17. Rxc5 Bxc5 18. dxc5 Qa5 19. c6 Qxa2 20. Qxb5 Rfc8 21. c7 Ne8 22. Rd7 Qxb2 23. Qc5 Qc3 24. Qe7 Qf6 25. Be5 Qxe7 26. Rxe7 f6 27. Bf4 e5 28. Bd2 b3 29. Bc3 Rxc7 0-1

[Event "AUT-chT2O 2324"]
[Site "Austria"]
[Date "2023.10.15"]
[Round "3.2"]
[White "Borrmann, Laurenz"]
[Black "Loeffler, Stefan"]
[Result "1-0"]
[WhiteElo "2283"]
[BlackElo "2332"]
[PlyCount "51"]
[EventDate "2023.10.13"]
[EventType "team-tourn"]
[EventRounds "11"]
[EventCountry "AUT"]
[SourceTitle "EXT 2025"]
[Source "ChessBase"]
[SourceDate "2024.10.14"]
[SourceVersion "1"]
[SourceVersionDate "2024.10.14"]
[SourceQuality "1"]
[WhiteTeam "Donaustadt"]
[BlackTeam "Oggau Union"]
[WhiteTeamCountry "AUT"]
[BlackTeamCountry "AUT"]

1. d4 e6 2. c4 d5 3. Nf3 dxc4 4. e3 Nf6 5. Bxc4 c5 6. 0-0 a6 7. Be2 Nc6 8. dxc5 Qxd1 9. Rxd1 Bxc5 10. a3 b5 11. b4 Bb6 12. Bb2 Bb7 13. Nbd2 Ke7 14. a4 Rhc8 15. axb5 axb5 16. Bxb5 Rxa1 17. Rxa1 Nxb4 18. Ba3 Bc5 19. Bxb4 Bxb4 20. Ra7 Rc7 21. Ba6 Bxa6 22. Rxc7+ Nd7 23. Ne5 Bb5 24. Ndc4 Ke8 25. Nxd7 Bxd7 26. Rb7 1-0

[Event "Munich Youngsters IM Challenge"]
[Site "Munich"]
[Date "2023.10.09"]
[Round "2"]
[White "Loeffler, Stefan"]
[Black "Mattenberger, Matthias"]
[Result "1-0"]
[WhiteElo "2332"]
[BlackElo "2293"]
[PlyCount "55"]
[EventDate "2023.10.08"]
[EventType "team-tourn"]
[EventRounds "9"]
[EventCountry "GER"]
[SourceTitle "CBM 216 Extra"]
[Source "ChessBase"]
[SourceDate "2023.11.30"]
[SourceVersion "1"]
[SourceVersionDate "2023.11.30"]
[SourceQuality "1"]
[WhiteTeam "Challenger II"]
[BlackTeam "Challenger III"]
[WhiteTeamCountry "GER"]
[BlackTeamCountry "SUI"]

1. Nf3 Nf6 2. c4 g6 3. Nc3 d5 4. cxd5 Nxd5 5. h4 Bg7 6. h5 Nc6 7. h6 Bf6 8. Ne4 0-0 9. Nxf6+ exf6 10. d4 Ndb4 11. a3 Bf5 12. axb4 Nxb4 13. Ra5 Nc2+ 14. Kd2 Qd6 15. Rxf5 Nxd4 16. Nxd4 Qxd4+ 17. Ke1 Qxd1+ 18. Kxd1 gxf5 19. Bd2 Rfd8 20. Kc2 Kf8 21. Rh5 b6 22. e3 Rd6 23. Bc3 f4 24. exf4 Rad8 25. Rh3 Ke7 26. Bd3 Rh8 27. g4 Rg8 28. f3 1-0

[Event "Lisbon Portugal rapid op"]
[Site "Lisbon"]
[Date "2022.09.04"]
[Round "8"]
[White "Dias, Paulo Jorge Guimara"]
[Black "Loeffler, Stefan"]
[Result "1/2-1/2"]
[WhiteElo "2341"]
[BlackElo "2356"]
[PlyCount "39"]
[EventDate "2022.09.03"]
[EventType "swiss (rapid)"]
[EventRounds "11"]
[EventCountry "POR"]
[SourceTitle "CBM 210 Extra"]
[Source "ChessBase"]
[SourceDate "2022.11.30"]
[SourceVersion "1"]
[SourceVersionDate "2022.11.30"]
[SourceQuality "1"]

1. d4 Nf6 2. c4 g6 3. Nf3 Bg7 4. g3 c5 5. Bg2 cxd4 6. Nxd4 Nc6 7. 0-0 h5 8. h3 0-0 9. Nc3 d6 10. Be3 Bd7 11. Qd2 Qc8 12. Kh2 Nxd4 13. Bxd4 Qxc4 14. Bxf6 exf6 15. Qxd6 Rad8 16. Rfd1 Kh7 17. Rd4 Qc8 18. Qf4 Be6 19. Rad1 Rxd4 20. Qxd4 1/2-1/2

[Event "Lisbon Portugal rapid op"]
[Site "Lisbon"]
[Date "2022.09.03"]
[Round "2"]
[White "Fernandes, Alvaro Manuel Teixe"]
[Black "Loeffler, Stefan"]
[Result "0-1"]
[WhiteElo "1785"]
[BlackElo "2356"]
[PlyCount "59"]
[EventDate "2022.09.03"]
[EventType "swiss (rapid)"]
[EventRounds "11"]
[EventCountry "POR"]
[SourceTitle "CBM 210 Extra"]
[Source "ChessBase"]
[SourceDate "2022.11.30"]
[SourceVersion "1"]
[SourceVersionDate "2022.11.30"]
[SourceQuality "1"]

1. d4 e6 2. Nf3 c5 3. e3 Nf6 4. g3 d5 5. Bg2 Nc6 6. 0-0 b5 7. a4 b4 8. dxc5 Bxc5 9. Nbd2 e5 10. Nb3 Be7 11. a5 0-0 12. h3 Ne4 13. Nfd2 f5 14. Kh2 Ba6 15. f3 Bxf1 16. Qxf1 Nxd2 17. Bxd2 Rc8 18. c3 bxc3 19. bxc3 Rb8 20. Qd1 Bd6 21. f4 Bc7 22. Nc5 Qd6 23. Na6 Rbd8 24. Nxc7 Qxc7 25. Qa4 Rf6 26. c4 e4 27. cxd5 Rxd5 28. Bc3 Rfd6 29. Bf1 Kh8 30. Rc1 0-1

[Event "Figueira da Foz op 15th"]
[Site "Figueira da Foz"]
[Date "2021.11.01"]
[Round "3"]
[White "Vasquez Schroder, Rodrigo Rafael"]
[Black "Loeffler, Stefan"]
[Result "0-1"]
[WhiteElo "2467"]
[BlackElo "2317"]
[PlyCount "72"]
[EventDate "2021.10.31"]
[EventType "swiss"]
[EventRounds "9"]
[EventCountry "POR"]
[SourceTitle "CBM 205 Extra"]
[Source "ChessBase"]
[SourceDate "2022.01.31"]
[SourceVersion "1"]
[SourceVersionDate "2022.01.31"]
[SourceQuality "1"]

1. d4 Nf6 2. Nf3 g6 3. c4 Bg7 4. Nc3 d5 5. Bf4 0-0 6. e3 c5 7. dxc5 Qa5 8. Rc1 dxc4 9. Bxc4 Nc6 10. 0-0 Qxc5 11. Nb5 Be6 12. Bd3 Qb4 13. Nc7 Bxa2 14. Nxa8 Rxa8 15. Qe2 Nd5 16. Bg3 Bxb2 17. Rc2 Nc3 18. Qd2 Na4 19. Qe2 Rd8 20. Bc4 Bxc4 21. Rxc4 Nc3 22. Rxc3 Bxc3 23. Qa2 Bf6 24. Rb1 Qe4 25. h3 Nb4 26. Qb3 a5 27. Rc1 b5 28. Bc7 Rc8 29. Qd1 Na2 30. Qd7 Qb7 31. Rc5 b4 32. Rxa5 b3 33. Rb5 Qxc7 34. Qxc7 Rxc7 35. Rxb3 Rc2 36. g4 h6 0-1

[Event "AUT-chT2O 2122"]
[Site "Austria"]
[Date "2021.10.16"]
[Round "1.1"]
[White "Loeffler, Stefan"]
[Black "Polak, Tomas"]
[Result "1-0"]
[WhiteElo "2317"]
[BlackElo "2528"]
[PlyCount "145"]
[EventDate "2021.10.16"]
[EventType "team-tourn"]
[EventRounds "11"]
[EventCountry "AUT"]
[SourceTitle "CBM 204 Extra"]
[Source "ChessBase"]
[SourceDate "2021.11.30"]
[SourceVersion "1"]
[SourceVersionDate "2021.11.30"]
[SourceQuality "1"]
[WhiteTeam "Poechlarn"]
[BlackTeam "Hietzing"]
[WhiteTeamCountry "AUT"]
[BlackTeamCountry "AUT"]

1. Nf3 Nf6 2. g3 d5 3. Bg2 c6 4. 0-0 Bg4 5. b3 Nbd7 6. Bb2 e6 7. d3 Bd6 8. e4 0-0 9. Re1 dxe4 10. dxe4 Be5 11. c3 b5 12. Qc2 Bc7 13. Nd4 Bb6 14. Nxc6 Qc7 15. e5 Nd5 16. Bxd5 exd5 17. Ne7+ Kh8 18. Nxd5 Qc6 19. c4 Rac8 20. Qe4 f5 21. exf6 Nxf6 22. Nxf6 Rxf6 23. Qxc6 Rfxc6 24. Re7 R6c7 25. Rxc7 Rxc7 26. Nd2 Re7 27. h3 Re2 28. c5 Bxc5 29. Ne4 Rxb2 30. hxg4 Bb6 31. Kg2 Kg8 32. g5 Kf7 33. a4 Rxb3 34. axb5 Kg6 35. g4 Rxb5 36. Rc1 Re5 37. Rc4 Rd5 38. f4 Kf7 39. Rc6 Ke7 40. f5 Kd7 41. Rc3 Rd4 42. Kf3 Rd1 43. Nc5+ Bxc5 44. Rxc5 Ke7 45. Rc8 Rd8 46. Rc6 Rd6 47. Rc7+ Rd7 48. Rc1 Kf7 49. Ra1 Rb7 50. Ra6 Rb3+ 51. Kf4 Rb4+ 52. Kg3 Rb3+ 53. Kh4 Rb7 54. Rc6 Rd7 55. Rc8 Rb7 56. Rh8 Rb1 57. Ra8 Rb7 58. Kh5 Rc7 59. Kh4 Rb7 60. Rc8 Rd7 61. Rh8 a5 62. Rxh7 a4 63. g6+ Kf6 64. Rh8 Ra7 65. Rf8+ Ke5 66. Rf7 Ra8 67. Kg5 a3 68. Rxg7 Kd6 69. Rh7 a2 70. Rh1 a1Q 71. Rxa1 Rxa1 72. g7 Ra8 73. Kg6 1-0

[Event "Figueira da Foz op 14th"]
[Site "Figueira da Foz"]
[Date "2020.10.27"]
[Round "5"]
[White "Loeffler, Stefan"]
[Black "Santos, Antonio Pereira"]
[Result "1/2-1/2"]
[WhiteElo "2352"]
[BlackElo "2123"]
[PlyCount "138"]
[EventDate "2020.10.24"]
[EventType "swiss"]
[EventRounds "9"]
[EventCountry "POR"]
[SourceTitle "CBM 199 Extra"]
[Source "ChessBase"]
[SourceDate "2021.01.31"]
[SourceVersion "1"]
[SourceVersionDate "2021.01.31"]
[SourceQuality "1"]

1. Nf3 c5 2. c4 Nf6 3. Nc3 e6 4. g3 b6 5. Bg2 Bb7 6. 0-0 Be7 7. d4 cxd4 8. Qxd4 d6 9. Bg5 a6 10. Bxf6 Bxf6 11. Qd3 Ra7 12. Rad1 Be7 13. h4 h6 14. Ne4 Bxe4 15. Qxe4 0-0 16. Nd4 Qc8 17. b3 Qc5 18. Bh3 Qe5 19. Qd3 Rc7 20. e3 Nc6 21. Qd2 Nxd4 22. exd4 Qa5 23. Qxa5 bxa5 24. Rd3 Rb8 25. Rc1 g5 26. hxg5 hxg5 27. d5 e5 28. c5 Rb4 29. a3 Rb8 30. c6 Kg7 31. Bd7 Rd8 32. Rc4 Rdxd7 33. cxd7 Rxd7 34. Rc6 f5 35. Rxa6 e4 36. Rc3 Kf6 37. Rxa5 Ke5 38. f3 Kd4 39. Rc4+ Kd3 40. g4 fxg4 41. fxe4 Bf6 42. e5 Bxe5 43. Rxg4 Bf4 44. Kf2 Rh7 45. Rxf4 gxf4 46. Kf3 Kd4 47. Kxf4 Rf7+ 48. Kg5 Ke5 49. Kg6 Rf3 50. Rb5 Rf1 51. a4 Rf2 52. a5 Rf1 53. b4 Ra1 54. Kf7 Rh1 55. a6 Rh7+ 56. Ke8 Ra7 57. Rb6 Kxd5 58. Kd8 Kc4 59. b5 d5 60. Rb7 Ra8+ 61. Kc7 d4 62. Kb6 d3 63. a7 Rd8 64. Rb8 Rd6+ 65. Kc7 d2 66. Kxd6 d1Q+ 67. Kc7 Qe2 68. a8Q Qe7+ 69. Kb6 Qc5+ 1/2-1/2

[Event "Figueira da Foz op 14th"]
[Site "Figueira da Foz"]
[Date "2020.10.25"]
[Round "2"]
[White "Alshameary Puente, Ismael"]
[Black "Loeffler, Stefan"]
[Result "0-1"]
[WhiteElo "2373"]
[BlackElo "2352"]
[PlyCount "56"]
[EventDate "2020.10.24"]
[EventType "swiss"]
[EventRounds "9"]
[EventCountry "POR"]
[SourceTitle "CBM 199 Extra"]
[Source "ChessBase"]
[SourceDate "2021.01.31"]
[SourceVersion "1"]
[SourceVersionDate "2021.01.31"]
[SourceQuality "1"]

1. d4 d5 2. c4 e6 3. Nc3 Bb4 4. e3 c5 5. a3 Bxc3+ 6. bxc3 Nf6 7. cxd5 Qxd5 8. Nf3 Nbd7 9. c4 Qd6 10. Bb2 b6 11. Bd3 Bb7 12. 0-0 Rd8 13. d5 exd5 14. cxd5 Qxd5 15. e4 Qc6 16. e5 Ne4 17. Qc1 Nf8 18. Qe3 Ne6 19. Rfe1 Rxd3 20. Qxd3 Nf4 21. Qc4 Qg6 22. g3 Nh3+ 23. Kf1 Nhg5 24. Qa4+ Bc6 25. Qxa7 Nxf3 26. Qb8+ Kd7 27. Qa7+ Kc8 28. Red1 Ned2+ 0-1

[Event "POR-chT"]
[Site "Penafiel"]
[Date "2020.08.27"]
[Round "8.5"]
[White "Veiga, Jose Francisco RP"]
[Black "Loeffler, Stefan"]
[Result "0-1"]
[WhiteElo "2322"]
[BlackElo "2349"]
[PlyCount "106"]
[EventDate "2020.08.22"]
[EventType "team-tourn"]
[EventRounds "9"]
[EventCountry "POR"]
[SourceTitle "CBM 198 Extra"]
[Source "ChessBase"]
[SourceDate "2020.11.30"]
[SourceVersion "1"]
[SourceVersionDate "2020.11.30"]
[SourceQuality "1"]
[WhiteTeam "Montemor o Novo"]
[BlackTeam "Amadora"]
[WhiteTeamCountry "POR"]
[BlackTeamCountry "POR"]

1. e4 c6 2. Nc3 d5 3. Nf3 Bg4 4. h3 Bxf3 5. Qxf3 e6 6. d4 Nf6 7. Bd3 dxe4 8. Nxe4 Qxd4 9. 0-0 Nbd7 10. Be3 Qd5 11. Rfd1 Be7 12. c4 Qe5 13. Bf4 Qd4 14. Qe2 Nxe4 15. Bxe4 Qf6 16. Rxd7 Kxd7 17. Be5 Qg5 18. f4 Bc5+ 19. Kh2 Qe7 20. Bxg7 Rhd8 21. f5 f6 22. fxe6+ Kc7 23. Bh6 Qxe6 24. Bf4+ Bd6 25. Qf3 Qxc4 26. Rd1 Be5 27. Bxe5+ fxe5 28. Re1 Rd7 29. Qf6 Re8 30. Kh1 Rf7 31. Qh4 Qxa2 32. Qh5 Ree7 33. Qh6 Qe6 34. Qe3 Qc4 35. Qa3 Rf1+ 36. Kh2 Rd7 37. Qa5+ Kc8 38. b3 Qf7 39. Rxf1 Qxf1 40. Qxe5 Rf7 41. Bf3 Rxf3 42. Qe8+ Kc7 43. Qe7+ Kb6 44. Qb4+ Qb5 45. Qd4+ Qc5 46. Qd8+ Ka6 47. gxf3 Qf2+ 48. Kh1 Qxf3+ 49. Kh2 Qxb3 50. Qd7 Qc2+ 51. Kg3 c5 52. Qd6+ b6 53. Qc6 Qg6+ 0-1